Women’s empowerment in India : (Record no. 1429753)

MARC details
000 -LEADER
fixed length control field 02432nam a2200241Ia 4500
005 - DATE AND TIME OF LATEST TRANSACTION
control field 20250605112903.0
008 - FIXED-LENGTH DATA ELEMENTS--GENERAL INFORMATION
fixed length control field 008 250516s9999 xx 000 0 eng d
020 ## - INTERNATIONAL STANDARD BOOK NUMBER
International Standard Book Number 9781032881386
040 ## - CATALOGING SOURCE
Original cataloging agency SDCL
Language of cataloging eng
Transcribing agency SDCL
041 ## - LANGUAGE CODE
Language code of text/sound track or separate title eng
Source of code eng
084 ## - COLON CLASSIFICATION NUMBER
Classification number Y15.2'P R4
Assigning agency SDCL
245 #0 - TITLE STATEMENT
Title Women’s empowerment in India :
Remainder of title From rights to agency
260 ## - PUBLICATION, DISTRIBUTION, ETC.
Place of publication, distribution, etc. London :
Name of publisher, distributor, etc. Routledge,
Date of publication, distribution, etc. 2024.
300 ## - PHYSICAL DESCRIPTION
Extent 162p.
365 ## - TRADE PRICE
Price type code INR
Price amount 1295
520 ## - SUMMARY, ETC.
Summary, etc. The volume brings together readings describing a range of less-traversed aspects and transferences of women’s rights and struggles in India and develops a comprehensive understanding of the interface between women’s activism and politics.<br/><br/>The book documents and discusses diverse ways in which Indian women have struggled for empowerment, political voice and representation, and rallied against injustice and discrimination. Against the backdrop of women’s assertion of rights and negotiations for empowerment, the chapters in this volume explore diverse facets of collective agency, and emanations of women’s politico-legal struggles against stereotypes of gender and class in post-independence India. While the donor-driven international community has been eager to celebrate the successes of its global normative agenda-setting and ‘best practices’ approach, this book - based primarily on field research by the contributors - showcases authentic local ownership and women’s own agency, taking seriously the need to understand the cultural context and pay attention to intersectionality. It presents various examples of women’s activism for change, reflecting on the quotidian struggles and dynamic assertions of voice and political power, within and outside of formal political institutions. The book is a contribution to the debate about agency and ownership as key aspects of empowerment, highlighting women who defy dominant narratives.<br/><br/>It will be an essential read for students and academics of political science, gender studies, sociology and social sciences, and cultural studies. It will also be of interest to readers interested in the history of women’s movements and their participation in national and local politics in India.
650 ## - SUBJECT ADDED ENTRY--TOPICAL TERM
Topical term or geographic name entry element Sociology
650 ## - SUBJECT ADDED ENTRY--TOPICAL TERM
Topical term or geographic name entry element Gender/ Women
9 (RLIN) 811860
700 ## - ADDED ENTRY--PERSONAL NAME
Personal name Upadhyaya, Anjoo Sharan
9 (RLIN) 809695
700 ## - ADDED ENTRY--PERSONAL NAME
Personal name Kolas, Ashild
9 (RLIN) 811861
700 ## - ADDED ENTRY--PERSONAL NAME
Personal name Connolly, Eileen
9 (RLIN) 811862
942 ## - ADDED ENTRY ELEMENTS (KOHA)
Koha item type Textual
Source of classification or shelving scheme Colon Classification (CC)
Suppress in OPAC No
Holdings
Withdrawn status Lost status Source of classification or shelving scheme Damaged status Not for loan Home library Current library Date acquired Source of acquisition Inventory number Total Checkouts Full call number Barcode Date last seen Price effective from Koha item type
    Colon Classification (CC)     South Campus Library South Campus Library 2025-05-22 Pioneer Book Distributor 65, 11/12/2024   Y15.2'P R4 SC1690823 2025-05-22 2025-05-22 Textual
Copyright @ Delhi University Library System